000 00316nam a22001457a 4500
008 221012b ||||| |||| 00| 0 eng d
020 _a0155188828
041 _aeng
080 _24TH EDITION
_a330
082 _a330
100 _a23.1
101 _aMIC
245 _aMICROECONOMICS
_cGWARTNEY J
942 _2udc
_cBK
999 _c58529
_d58529